Διαπολιτισμική επικοινωνία στην εκπαίδευση : το παράδειγμα της μη λεκτικής επικοινωνίας
Αποθηκεύτηκε σε:
| Κύριος συγγραφέας: | |
|---|---|
| Συγγραφή απο Οργανισμό/Αρχή: | |
| Άλλοι συγγραφείς: | |
| Μορφή: | Thesis Βιβλίο |
| Γλώσσα: | Greek |
| Δημοσίευση: |
2011
|
| Θέματα: | |
| Διαθέσιμο Online: | http://hdl.handle.net/11610/7470 |
| Ετικέτες: |
Προσθήκη ετικέτας
Δεν υπάρχουν, Καταχωρήστε ετικέτα πρώτοι!
|
MARC
| LEADER | 00000cam a2200000 i 4500 | ||
|---|---|---|---|
| 001 | 1/17822 | ||
| 008 | 120215s2011 gre d | ||
| 035 | |l 10111852 | ||
| 040 | |a GR-MY-UA |b gre |e aacr | ||
| 041 | 0 | |a gre | |
| 082 | 0 | |a 370.196 |2 (22) | |
| 100 | 1 | |a Πουλιοπούλου, Κωνσταντίνα. | |
| 245 | 1 | 0 | |a Διαπολιτισμική επικοινωνία στην εκπαίδευση : |b το παράδειγμα της μη λεκτικής επικοινωνίας / |c Πουλιοπούλου Κωνσταντίνα ; επιβλέπων: Αναστάσιος Κοντάκος |
| 260 | |c 2011 | ||
| 300 | |a 69 σ.; |c 30 εκ. | ||
| 500 | |a Μέλη εξεταστικής επιτροπής: Νικήτας Πολεμικός, Ιωάννης Χατζηγεωργίου | ||
| 502 | |a Πτυχιακή εργασία – Πανεπιστήμιο Αιγαίου, Ρόδος, 2011. | ||
| 504 | |a Βιβλιογραφία: σ. 62-69 | ||
| 650 | 0 | 0 | |a Multicultural education. |
| 650 | 0 | 0 | |a Nonverbal communication in education. |
| 650 | 0 | 0 | |a Educational psychology. |
| 650 | 0 | 0 | |a Dissertations, Academic |z Greece. |
| 700 | 1 | |a Κοντάκος, Αναστάσιος. |4 ths | |
| 710 | 2 | |a Πανεπιστήμιο Αιγαίου |b Σχολή Ανθρωπιστικών Επιστημών |b Τμήμα Επιστημών της Προσχολικής Αγωγής και του Εκπαιδευτικού Σχεδιασμού. | |
| 852 | |a INST |b RHODES |c DIATR |e 20120215 |h 370.196 ΠΟΥ |p 005400034044 |q 005400034044 |t DIE |y 23 | ||
| 852 | |a INST |b RHODES |c DIATR |e 20120215 |h 370.196 ΠΟΥ |p 005400034045 |q 005400034045 |t DIE |y 23 | ||
| 856 | |u http://hdl.handle.net/11610/7470 | ||
| 901 | |a BIBL4-2012-1 | ||
| 909 | |a Ρ |b 170692 | ||
| 909 | |a Ρ |b 170693 | ||
| 924 | |a ΠΟΥΛΙΟΠΟΥΛΟΥ |b ΚΩΝΣΤΑΝΤΙΝΑ |y ΡΟΔΟΣ |z 2011 | ||
| 970 | |z 2012/02/15 | ||